[Event "Dresden zt 1.2"]
[Site "Dresden"]
[Date "1998.05.01"]
[Round "4"]
[White "Zelcic, Robert"]
[Black "Jacimovic, Dragoljub"]
[Result "1/2-1/2"]
[WhiteElo "2540"]
[BlackElo "2480"]
[Annotator "Finkel,A"]
[PlyCount "92"]
[EventDate "1998.04.28"]
[Source "ChessBase"]
[SourceDate "1998.08.06"]

1. e4 1... e6 2. d4 d5 3. Nc3 Nc6 4. Nge2 Bb4 5. a3 Bxc3+ 6. Nxc3 dxe4 7. d5
exd5 (7... Nce7 $6 8. Qg4 $1 (8. dxe6 $6 8... Qxd1+ 9. Kxd1 Bxe6 10. Nxe4
O-O-O+ 11. Ke1 Bf5 12. Bd3 12... Nf6 $11 {
Oll,L-Vaganian,R/Keres mem 1983/ -  (44)}) 8... Nxd5 (8... Kf8 $6 9. dxe6 f5
10. Qg3 Bxe6 11. Nb5 $1 11... Qd7 12. Bf4 Rd8 13. Be2 $16 {
Nataf,I-Kinsman,A/Paris-London 1994 (57)}) 9. Nxd5 exd5 10. Qxg7 Qf6 11. Bh6 $3
11... Qxh6 12. Qxh8 $16 {Al Modiahki,M-Relange,E/WchJM-U20 1994 (38)}) 8. Qxd5
Be6 (8... Nge7 $5 9. Qxd8+ Nxd8 10. Nxe4 Bf5 11. Bd3 Ne6 12. Bd2 O-O-O 13.
O-O-O Bg6 14. Rhe1 14... Nd5 { -  Zaitsev,I-Vaganian,R/Sochi 1980}) (8... Nf6
$6 9. Qxd8+ 9... Kxd8 $5 (9... Nxd8 10. Bg5 O-O (10... Bf5 11. Bxf6 gxf6 12.
Nd5 Ne6 13. Nxf6+ Kf8 14. O-O-O $14 {Al Modiahki,M-Dochev,D/WchJ-U16 1990 (29)}
) 11. Bxf6 gxf6 12. Nxe4 Kg7 (12... Re8 13. O-O-O) 13. O-O-O Nc6 14. Bb5 $16 {
Shirazi,K-Akhsharumova,A/Saint John op-1 1988 (33)}) 10. Bg5 Re8 11. O-O-O+ Bd7
12. Bb5 Kc8 13. Rhe1 $44 {Suhail,A-Contin,D/Velden op 1994 (15)}) 9. Qxe4 (9.
Qxd8+ Rxd8 10. Bf4 Nf6 (10... f5 $6 11. Nb5 $5 11... Nf6 12. Nxc7+ Kf7 13. Nxe6
Kxe6 14. Bc4+ $14 {Tu Hoang Thong-Johansen,D/Jakarta zt 1993/ -  (45)}) 11.
Bxc7 Rd7 12. Bf4 O-O 13. Bb5 Rc8 14. Bg5 14... Ne8 $5 $132 {
Bronstein,D-Vaganian,R/Tilburg 1993/ -  (45)}) 9... Nf6 10. Qh4 (10. Qa4 $5
10... Qe7 11. Be2 O-O 12. Be3 Rfd8 13. O-O Ne5 14. Bg5 $14 {
Al Modiahki,M-Claesen,J/WchJM-U18 1992 (24)}) 10... Qd4 $5 11. Bg5 (11. Qg3 $6
11... Ne4 12. Nxe4 Qxe4+ 13. Be3 Qxc2 14. Qxg7 14... O-O-O $36) 11... O-O-O 12.
Qxd4 Nxd4 13. O-O-O $14 {Thanks to the pair of bishops white has minimal
advantge in the endgame,but it's very difficult to transform this advantage
into something more significient.} 13... h6 14. Be3 (14. Bxf6 $5 14... gxf6 15.
Bd3 (15. g3 $6 15... Bg4 $5 16. Rd2 Rhe8 17. Bc4 Bf3 18. Rf1 18... Re7 $15)
15... Rhg8 16. g3 Bg4 17. Rde1 Nf3 18. Re3 Ne5 19. Be2 $14) 14... Nc6 15. Bb5
Bd7 16. h3 {Preventing Ng4.} 16... a6 17. Bc4 Be6 18. Bxe6+ fxe6 19. Rxd8+ Rxd8
20. Re1 {Now black has a weakness on e6,but the number of pieces on the board
is limited and it's quiet complicated to take advantage of this fact.} 20...
Re8 21. Bd2 Kd7 22. Ne4 Nxe4 23. Rxe4 23... Ke7 $1 {
Bringing the king to f7 to defend the pawns on the kingside.} 24. Rg4 Kf7 25.
Bc3 Rg8 26. Rg3 $6 {One of the most basic things in the endgame is
centraliztion of the king;so better was} (26. Kd2 e5 27. Ke3 Ke6 28. f4 $5 {
with better chanses.}) 26... e5 27. Re3 $6 27... Re8 28. Re4 28... g5 $5 $132 {
Now white can't transfer f4 andblack gets sufficient counterchanses.} 29. h4
Kf6 30. hxg5+ hxg5 31. Re3 (31. Kd2 $5 31... Rh8 32. Ke2 Kf5 (32... Rh2 33. Rg4
Kf5 34. f3 Nd4+ 35. Bxd4 exd4 36. b4 $1 $16) 33. f3 Rh1 34. Kd3 Rd1+ 35. Kc4
35... Ke6 $11) 31... g4 32. Re1 $6 32... Rf8 33. Re2 Kf5 34. Kd2 Rd8+ 35. Ke3
35... Ne7 $15 {The pointless play of white changed the situation on the board
and now white is the one who tries to keep the balance.} 36. Re1 Nd5+ 37. Ke2
Nxc3+ 38. bxc3 Rd5 39. Rh1 $1 {
White's defensive resourses are more than sufficient to make a draw.} 39... Rc5
(39... Ra5 40. Rh7 Rxa3 41. Rxc7 b5 42. Kd2 Ra1 43. Rf7+ Ke6 44. Rg7 Kf5 45.
Rf7+ $11) 40. Kd3 b5 41. Rh5+ Kg6 42. Rh8 Rc4 43. Ra8 Ra4 44. Rc8 Rc4 45. Ra8
45... Ra4 {Black opts for immideate draw.} 46. Rc8 Rc4 1/2-1/2

[Event "Dresden zt 1.2"]
[Site "Dresden"]
[Date "1998.05.05"]
[Round "7"]
[White "Rogulj, Branko"]
[Black "Uhlmann, Wolfgang"]
[Result "1/2-1/2"]
[WhiteElo "2430"]
[BlackElo "2495"]
[Annotator "Finkel,A"]
[PlyCount "71"]
[EventDate "1998.04.28"]
[Source "ChessBase"]
[SourceDate "1998.08.06"]

1. e4 {Finkel,A} 1... e6 2. d4 d5 3. Nc3 Bb4 4. Nge2 dxe4 5. a3 Bxc3+ 6. Nxc3
Nc6 7. d5 exd5 (7... Nce7 $6 {Finkel,A} 8. Qg4 $1 (8. dxe6 $6 8... Qxd1+ 9.
Kxd1 Bxe6 10. Nxe4 O-O-O+ 11. Ke1 Bf5 12. Bd3 12... Nf6 $11 {
Oll,L-Vaganian,R/Keres mem 1983/ -  (44)}) 8... Nxd5 (8... Kf8 $6 9. dxe6 f5
10. Qg3 Bxe6 11. Nb5 $1 11... Qd7 12. Bf4 Rd8 13. Be2 $16 {
Nataf,I-Kinsman,A/Paris-London 1994 (57)}) 9. Nxd5 exd5 10. Qxg7 Qf6 11. Bh6 $3
11... Qxh6 12. Qxh8 $16 {Al Modiahki,M-Relange,E/WchJM-U20 1994 (38)}) 8. Qxd5
8... Nge7 $5 {Another continuation promising black good chanses to equalize is}
(8... Be6 {Finkel,A} 9. Qxe4 (9. Qxd8+ {Finkel,A} 9... Rxd8 10. Bf4 Nf6 (10...
f5 $6 11. Nb5 $5 11... Nf6 12. Nxc7+ Kf7 13. Nxe6 Kxe6 14. Bc4+ $14 {
Tu Hoang Thong-Johansen,D/Jakarta zt 1993/ -  (45)}) 11. Bxc7 Rd7 12. Bf4 O-O
13. Bb5 Rc8 14. Bg5 14... Ne8 $5 $132 {
Bronstein,D-Vaganian,R/Tilburg 1993/ -  (45)}) 9... Nf6 10. Qh4 (10. Qa4 $5 {
Finkel,A} 10... Qe7 11. Be2 O-O 12. Be3 Rfd8 13. O-O Ne5 14. Bg5 $14 {
Al Modiahki,M-Claesen,J/WchJM-U18 1992 (24)}) 10... Qd4 $5 11. Bg5 O-O-O 12.
Qxd4 Nxd4 13. O-O-O $14 {Zelcic,R-Jacimovic,D/Zonal 1.1 1998 (46)}) (8... Nf6
$6 {Finkel,A} 9. Qxd8+ 9... Kxd8 $5 (9... Nxd8 10. Bg5 O-O (10... Bf5 11. Bxf6
gxf6 12. Nd5 Ne6 13. Nxf6+ Kf8 14. O-O-O $14 {
Al Modiahki,M-Dochev,D/WchJ-U16 1990 (29)}) 11. Bxf6 gxf6 12. Nxe4 Kg7 (12...
Re8 13. O-O-O) 13. O-O-O Nc6 14. Bb5 $16 {
Shirazi,K-Akhsharumova,A/Saint John op-1 1988 (33)}) 10. Bg5 Re8 11. O-O-O+ Bd7
12. Bb5 Kc8 13. Rhe1 $44 {Suhail,A-Contin,D/Velden op 1994 (15)}) 9. Qxd8+ Nxd8
10. Nxe4 Bf5 11. Bb5+ ({More in the spirit of position was} 11. Bd3 $5 11...
Ne6 12. Bd2 O-O-O 13. O-O-O Bg6 14. Rhe1 14... Nd5 {
-  Zaitsev,I-Vaganian,R/Sochi 1980}) 11... Ndc6 12. f3 O-O-O 13. O-O 13... Nd4
$11 14. Bd3 (14. Ba4 14... b5 $5 (14... Ne2+ 15. Kf2 Nxc1 16. Raxc1 Bxe4 17.
fxe4 17... Ng6 $11) 15. Bb3 Nxb3 16. cxb3 Rhe8 17. Nc5 Rd5 18. b4 18... Re5 $13
) 14... Nb3 $1 {Depriving white the advantage of two bishops.} 15. Rb1 Nxc1 16.
Rbxc1 16... Bg6 {
The position is compleatly balanced and a draw seems not far away.} 17. Rfe1
Nc6 18. f4 $6 (18. Nf2 $5 18... Bxd3 19. Nxd3 Rhe8 20. Kf2 $11) 18... Rhe8 19.
Kf2 19... Nd4 $15 {The position is still about balanced,but white has to play
accuratly not to change the status-quo in black's favour.} 20. Rcd1 $6 (20. g3
$5) 20... Nxc2 $5 {Wining a pawn,but the arising rook ending is only slightly
better for black and white holds it without any difficulties.} 21. Bxc2 Rxd1
22. Rxd1 Bxe4 23. Re1 f5 24. Bxe4 fxe4 25. Ke3 25... c5 (25... Re6 $5 26. Re2
$5 26... Kd7 27. f5 Re5 28. Kf4 $11) 26. Rc1 b6 27. b4 $5 (27. Rc4 $11) 27...
Kc7 28. bxc5 28... b5 {Starting the race which ends up a draw.} 29. g4 Kc6 30.
f5 a5 31. g5 b4 32. axb4 axb4 33. h4 b3 34. f6 gxf6 35. gxf6 Kd5 36. c6 1/2-1/2

[Event "Dresden zt 1.2"]
[Site "Dresden"]
[Date "1998.05.06"]
[Round "8"]
[White "Zelcic, Robert"]
[Black "Jussupow, Artur"]
[Result "1-0"]
[WhiteElo "2540"]
[BlackElo "2630"]
[Annotator "Finkel,A"]
[PlyCount "79"]
[EventDate "1998.04.28"]
[Source "ChessBase"]
[SourceDate "1998.08.06"]

1. e4 e6 2. d4 d5 3. Nc3 Bb4 4. Nge2 dxe4 5. a3 Be7 6. Nxe4 Nf6 7. N2g3 Nc6 8.
c3 e5 9. Nxf6+ (9. dxe5 $6 9... Qxd1+ 10. Kxd1 Nxe4 11. Nxe4 Bf5 12. Bd3 Bg4+
13. f3 Nxe5 14. fxg4 14... O-O-O $11 {Mariotti,S-Tatai,S/Rome m 1972/1-0 (78)})
9... Bxf6 10. d5 Ne7 11. c4 (11. Bc4 O-O (11... Nf5 $6 12. Nxf5 Bxf5 13. Bb5+
Bd7 (13... Kf8 $5) 14. Qb3 c6 15. Bc4 cxd5 16. Bxd5 $14 {
Gheorghiu,F-Hug,W/Palma de Mallorca 1972 (51)}) 12. O-O Nf5 (12... Ng6 $5 13.
Ne4 Be7 14. Qh5 Kh8 15. Ng5 Bxg5 16. Bxg5 16... Qd6 {
-  Gheorghiu,F-Uhlmann,W/Skopje olm 1972}) 13. Nxf5 (13. Ne4 $5 13... Be7 14.
f4 exf4 15. Bxf4 Nd6 16. Bd3 Nxe4 17. Bxe4 $14 {
Seifried,W-Roemer,U/Oberschwaben ch 1993/ -  (53)}) 13... Bxf5 14. Be3 Bg5 15.
Qh5 Bxe3 16. Qxf5 Bc5 17. Qxe5 17... Qh4 { -  Hort,V-Uhlmann,W/Skopje olm 1972}
) (11. Qa4+ $5 11... c6 12. dxc6 Nxc6 13. Nh5 O-O 14. Nxf6+ Qxf6 15. Bd3 15...
Bf5 $11 {Rajna,G-Mednis,E/Szolnok 1975/ -  (47)}) 11... Ng6 $6 (11... Nf5 $5
12. Bd3 (12. Ne4 O-O 13. Bd3 (13. Nxf6+ Qxf6 14. Bd3 $6 14... e4 $1 15. Be2 (
15. Bxe4 Re8 16. f3 Qh4+ 17. Ke2 17... Nd6 $40) 15... Nh4 16. O-O Qg6 17. g3
Bh3 18. Re1 18... e3 $1 19. Qd4 19... Qf5 $40) 13... Be7 $15) 12... Nd4 (12...
Nxg3 $5 13. hxg3 b6 (13... h6 14. Qh5 b5 15. Be3 bxc4 16. Bxc4 Qd7 17. Qe2 $14
{Grzesik,T-Gscheidlen,W/BL8687 1987/ -  (49)}) 14. Be3 14... e4 $6 15. Bxe4
Bxb2 16. Ra2 Bc3+ 17. Kf1 $36 {Tseitlin,M-Vilela,J/Tirnavia-A 1979 (27)}) 13.
O-O O-O 14. Re1 14... c6 $11) 12. Bd3 O-O 13. Qc2 $5 (13. O-O 13... Nf4 $5 14.
Be4 14... g6 $13) 13... c6 14. dxc6 bxc6 15. O-O 15... a5 $6 (15... Qc7 $5) 16.
Be4 Qc7 17. Be3 a4 18. Bc5 Re8 19. Rfd1 $14 {All white pieces take very
comfortable positions,black pawn on a4 is serious weakness and black is
deprived of active counteplay.} 19... Bd7 20. Ne2 (20. Nf5 $5 20... Red8 (20...
Bxf5 21. Bxf5 Red8 22. g3 $16 (22. Rxd8+ Bxd8 23. Rd1 Be7 24. Rd7 $2 24... Qa5
25. Bb4 $8 25... Bxb4 26. axb4 26... Qxb4 $17)) 21. g3 $14) 20... Be7 21. Bxe7
Rxe7 22. Nc3 $16 22... Qa7 23. Rd6 Nf8 24. Rad1 $1 {
Black's position is hopeless.} (24. Bxc6 Bxc6 25. Rxc6 25... Ne6 26. Nb5 Qb7
27. Rd6 Nf4 28. f3 28... e4 $132) 24... Ne6 $6 25. Nb5 Qb7 (25... cxb5 26. Bxa8
Nd4 27. Qe4 $18) 26. Bxh7+ Kf8 ({Nothing changes} 26... Kh8 27. Bf5 $18) 27.
Bf5 cxb5 28. Be4 $18 28... Qc7 29. Bxa8 Nd4 30. Qh7 $1 30... Re8 31. c5 $1
31... Be6 32. Qh8+ Ke7 33. Qxg7 Qxc5 (33... Rxa8 34. Qg5+ Kf8 35. Qxe5 $18) 34.
Ra6 Rd8 35. Qg5+ Ke8 36. Kh1 Qc2 37. Bf3 Qc5 38. Bh5 Kd7 39. Rc1 Bc4 (39... Rg8
40. Qd2 Qd5 41. Ra7+ Ke8 42. Bxf7+ $18) 40. Bxf7 1-0

[Event "Russian Club Cup"]
[Site "Maikop"]
[Date "1998.06.06"]
[Round "4"]
[White "Petrushin, Alexander I"]
[Black "Totsky, Leonid"]
[Result "0-1"]
[WhiteElo "2425"]
[BlackElo "2490"]
[Annotator "Atlas,V"]
[PlyCount "82"]
[EventDate "1998.06.03"]
[Source "ChessBase"]
[SourceDate "1998.09.30"]

1. e4 e6 2. d4 d5 3. Nc3 Bb4 4. e5 c5 5. a3 Bxc3+ 6. bxc3 Qa5 7. Bd2 Qa4 8. Nf3
(8. Qb1 {This move issues more serious challenge for Black .} 8... c4 9. Nh3 (
9. Nf3) (9. g3) 9... Nc6 10. Be2 (10. g3 Bd7 11. Nf4 $5 11... O-O-O 12. Bh3 {
Kruppa,Y-Krivoshey,S/Nikolaev (zt) 64/280 1995} (12. h4 $5)) 10... Bd7 (10...
f6 11. f4 $5 (11. exf6 Nxf6)) 11. O-O (11. Nf4 O-O-O 12. Nh5 12... f6 $13)
11... O-O-O 12. Nf4 12... f6 $6 (12... g6 $5) 13. Bg4 13... f5 $8 14. Be2 Nge7
15. h4 g6 16. Nh3 h6 17. Qc1 17... Ng8 {
Golubev,M-Koutsin,S/Nikolaev (zt) 64/(280) 1995} (17... Ng8 18. g4 $1 18...
Nce7 19. Rb1 $16)) 8... b6 {Portish's recommendation. After 9...Ne7 White can
choose between 10.Qb1 and 10.dxc5.} 9. Bd3 Ba6 10. dxc5 $6 {Other continuations
: 10.0-0, 10.Ng5, and 10.Ba6 don't promise White an advantage either. With the
text White stakes on the attack, but the game shows that Black has sufficient
resources to neutralize White's initiative.} 10... bxc5 11. O-O Ne7 12. Rb1 $6
{Instead White probably had to launch play at the K-side.} (12. Ng5 h6 13. Nh3
(13. Qh5 $6 13... g6 14. Qh3 c4 15. Qh4 (15. Be2 Qxc2) 15... Nd7 16. Nf3 16...
Bb5 $1)) 12... Nd7 13. Re1 (13. Qe2 $4 13... c4) 13... h6 (13... O-O {
can't be refuted by means of} 14. Bxh7+ Kxh7 15. Ng5+ Kg8 16. Re4 16... Qxe4 $1
{but 13...h6 is more flexible.}) (13... O-O 14. Ng5 h6 15. Nh3) 14. Bxa6 Qxa6
15. Nh4 15... Qa4 $1 {
Black nips any attempt of White to organize a play on the K-side.} (15... Qxa3
16. Qg4 $44) 16. g3 Nb6 17. Ng2 Nc4 18. Nf4 O-O 19. Bc1 Rab8 20. Ra1 Qa5 21.
Bd2 (21. Qd3 21... Nc6 $19) 21... d4 $1 $19 22. Re4 Rfd8 23. Nd3 Nxd2 24. Qxd2
Nf5 25. Rd1 dxc3 26. Qc1 Rd4 27. Rde1 Rbd8 28. Kg2 Qb6 29. Rxd4 Rxd4 30. Qb1
Qc6+ 31. f3 c4 32. Nf2 Rd2 33. Qb8+ Kh7 34. Qxa7 Rxc2 35. Re4 Rd2 36. Kh3 c2
37. Ng4 Qxe4 (37... c1=Q 38. Nf6+ gxf6 39. Qxf7+ 39... Ng7 $19) 38. fxe4 c1=Q
39. exf5 Qf1+ 40. Kh4 Qxf5 41. Nf6+ Kg6 0-1

[Event "San Francisco Mechanics"]
[Site "San Francisco"]
[Date "1998.07.11"]
[Round "2"]
[White "Fedorowicz, John P"]
[Black "Rey, Guillermo"]
[Result "1-0"]
[WhiteElo "2495"]
[BlackElo "2335"]
[Annotator "Petursson"]
[PlyCount "67"]
[EventDate "1998.07.10"]
[Source "ChessBase"]
[SourceDate "1998.09.30"]

1. e4 e6 2. d4 d5 3. Nc3 Bb4 4. e5 c5 5. a3 Bxc3+ 6. bxc3 Qc7 7. Nf3 Ne7 8. h4
Bd7 9. Bd3 Nbc6 10. O-O c4 11. Be2 f6 12. Bf4 O-O-O 13. Qc1 f5 14. Ng5 Rdf8 15.
h5 h6 16. Nh3 Nd8 17. a4 Be8 18. Qd1 Qa5 19. Qe1 g5 20. Bc1 Bxa4 21. Ba3 Rf7
22. f4 g4 23. Nf2 Qb5 24. Ra2 Qe8 25. Qa1 Nec6 26. Nd1 Rg7 27. Bd6 b5 28. Nb2
Qxh5 29. Nxa4 bxa4 30. Rb1 Qh4 31. Rab2 g3 32. Bf3 Rhh7 33. Rb8+ $1 (33. Qxa4
Rb7 34. Qa6 34... Qxf4 $13) 33... Kd7 (33... Nxb8 34. Rxb8+ Kd7 35. Qxa4+ Nc6
36. Qb5 $18) 34. Qxa4 (34. Qxa4 {BLACK RESIGNED because of} 34... Qxf4 35. Qb5
Qe3+ 36. Kh1 Qg5 37. Qb7+ $1 37... Ke8 (37... Nxb7 38. R1xb7#) 38. Qxc6+ Kf7
39. Qd7+ Kg6 40. Qxd8 $18) 1-0

[Event "RUS-ch51"]
[Site "St Petersburg"]
[Date "1998.08.06"]
[Round "10"]
[White "Dolmatov, Sergey"]
[Black "Ivanov, Sergey"]
[Result "1-0"]
[WhiteElo "2575"]
[BlackElo "2550"]
[Annotator "Atlas,V"]
[PlyCount "73"]
[EventDate "1998.07.28"]
[Source "ChessBase"]
[SourceDate "1998.11.30"]

1. e4 {Baburin} 1... e6 2. d4 d5 3. Nc3 Bb4 4. e5 c5 5. a3 Bxc3+ 6. bxc3 Ne7 7.
Qg4 O-O 8. Bd3 cxd4 9. cxd4 9... Nbc6 {Baburin: 'GM Sergey Ivanov employs this
line from time to time, but in this game this variation does not pass the test
against one of the main experts in the French with 3 Nc3 - GM Dolmatov.'} 10.
Qh5 (10. Nf3 f5 11. Qh3 Qa5+ 12. Bd2 Qa4 13. c3 Na5 14. g4 Nb3 15. Bc2 Qc4 16.
Rb1 Nxd2 17. Kxd2 b6 18. Rhg1 Bd7 19. gxf5 Rxf5 20. Rb4 Qa2 21. Rgb1 Rc8 22.
R1b2 Qxa3 23. R4b3 Qa1 24. Rb1 Qa2 25. R1b2 Qa1 26. Rb1 {
-  Gdanski,J-Ivanov,S/Lubniewice 1994/EXP 45 (26)}) 10... Nf5 11. Nf3 f6 12.
O-O (12. g4 $2 12... g6 13. Qh3 13... Nfxd4 $17) 12... Bd7 13. Rb1 b6 14. Qh3
$1 {A very strong new move. After 15. g2-g4 which Black cannot prevent his
most advanced piece -knight on f5 - will be flung back and it will be
difficult for Black to regroup his forces. The course of the game proved
White's plan sound.  '!?' Baburin.  Baburin: 'A new attempt - White  wants to
force his opponent to weaken the kingside somehow, in view of the threat of 15
g4.'} (14. Re1 14... fxe5 $6 15. Nxe5 $1 15... Nxe5 (15... Ncxd4 $2 16. c3 Nc6
17. Nxc6 Bxc6 18. Rxe6 $18) 16. Rxe5 Rc8 17. Bd2 Qf6 18. c3 Be8 19. Qe2 Bg6 20.
f3 $1 (20. Re1 $6 20... Nxd4 $1 21. cxd4 Bxd3 22. Qxd3 Qxf2+ 23. Kh1 23... Rc2
$3 $17) (20. Rxe6 20... Nxd4 $1 21. cxd4 21... Bxd3 $11) 20... Nh4 $2 21. Re1
$16 {Morosevic,A-Ivanov,S/Russia (ch) 1992/Inf 57 (21)} (21. Re1 {Baburin}
21... Bxd3 22. Qxd3 Rfe8 23. Qe2 Qg6 24. Kh1 Kf7 25. g4 h6 26. f4 Kg8 27. f5
Qf6 28. Rf1 Rc6 29. fxe6 Qd8 30. Qf2 Qe7 31. Qf7+ Kh8 32. Bxh6 Qxf7 33. exf7
Rf8 34. Bd2 {1-0 Morozevich,A-Ivanov,S/Orel 1992/EXT 92ch (34)})) 14... h6 (
14... g6 $5 15. exf6 Qxf6 16. Bg5 Qg7) 15. Bb2 fxe5 16. dxe5 16... Be8 {
Trying to gain some space by preparing d5-d4. Yet, an offensive at the K-side
which White start now turns out to be more  significant.} 17. g4 {'!' Baburin.}
17... Nfe7 18. Nh4 d4 (18... Rf4 19. Ng2 {and 20.f4}) 19. f4 Nd5 20. Ng2 {
White's knight will remain here till the end. His vis-a-vis on d5 which
transfered in the center from f5 is again neutralized.} 20... Nc3 (20... Qe7
21. g5 h5 22. g6 $16) 21. Rbe1 Qd5 22. Qg3 {
Finalizing preparations for an advancement f4-f5.} 22... Na4 23. Bc1 Nc5 24. f5
$1 $40 {Baburin: 'All White's pieces are supporting his kingside attack,
giving him a great advantage in force. Note that at least one of Black's
pieces (the a8-rook) is not taking any part in the action, while the others
are less active than their White counterparts.'} 24... Nxd3 25. cxd3 Nd8 26. f6
g5 27. h4 {'!' Baburin.  Baburin: 'Black is not given any rest.'} 27... Bc6 28.
Re2 $1 {White rooks control all avenues of approach to the K-side.} 28... Nf7
29. hxg5 {'+-' Baburin.} 29... Nxg5 (29... hxg5 30. Qh3 Bb5 31. Ne1 Rfc8 32.
Rh2 Kf8 33. Qh7 $18) 30. Qh4 $1 30... Nf3+ (30... Qf3 31. Qh5 Nh3+ (31... Qxd3
32. Bxg5) 32. Kh2 Qxd3 33. Rf5 $18) 31. Rxf3 Qxf3 32. Bxh6 (32. Qxh6 $2 32...
Qxg4) 32... Rf7 (32... Qxe2 33. Qg5+ Kf7 34. Qg7+ Ke8 35. Qe7#) 33. Qg5+ Kh8 (
33... Kh7 {is met by} 34. Qh5 Rc7 35. Bg5+ Kg8 36. Qg6+ Kh8 37. f7 Rxf7 38.
Bf6+ Rxf6 39. exf6 $18) 34. Bg7+ Kg8 35. Qh6 35... Rd7 36. Rf2 Qd1+ 37. Rf1 {
An impressive victory!} 1-0

[Event "Politiken zt"]
[Site "Munkebo"]
[Date "1998.09.19"]
[Round "4.1"]
[White "Wedberg, Tom"]
[Black "Djurhuus, Rune"]
[Result "1-0"]
[WhiteElo "2475"]
[BlackElo "2495"]
[Annotator "Atlas,V"]
[PlyCount "145"]
[EventDate "1998.09.10"]
[Source "ChessBase"]
[SourceDate "1998.11.30"]

1. e4 e6 2. d4 d5 3. Nc3 Bb4 4. e5 c5 5. a3 Bxc3+ 6. bxc3 Qc7 7. Nf3 b6 8. Bb5+
Bd7 9. Bd3 Ba4 10. h4 Ne7 11. h5 h6 12. Rh4 $5 {
White opts for an immediate assault on the K-side.} (12. O-O Nd7 13. Re1 13...
a6 {- 60/290} (13... Qc6) 14. Nh4 $1 {
0-1 Kuczynski,R-Hertneck,G/Deutschland 1994/Inf 62/ (38)} (14. Rb1 $5 14... Qc6
15. Nh4 $1)) 12... Nd7 13. dxc5 $6 13... b5 14. Qe2 a6 15. Rg4 Kf8 (15... Qxc5
16. Bd2) 16. Rb1 Rc8 17. Rbb4 Nc6 18. Bf4 18... Nxc5 $15 (18... Nxb4 $6 19.
axb4 $40) 19. Rb1 Na5 20. Kf1 Nxd3 (20... Ne4 $5 21. Bxe4 dxe4 22. Qxe4 (22.
Nd4 Qxc3) 22... Qc4+ 23. Qxc4 23... Nxc4 $15) 21. cxd3 Nb3 22. Bd2 Kg8 (22...
Nxd2+ 23. Qxd2 23... Qxc3 $2 24. Qxc3 Rxc3 25. Rxa4 bxa4 26. Rb8+ Ke7 27. Rxh8)
23. Be1 Qc5 24. Rb4 Na5 25. Nd4 Nc6 26. Nxc6 Qxc6 (26... Rxc6 $5 27. c4 $140
27... dxc4 28. dxc4 Rc8) 27. Rg4 a5 28. Qe3 Kh7 (28... Qc5 $5 29. Qxc5 (29. Qg3
Rh7 30. Bd2 Qxa3 31. Bxh6 Qf8) 29... Rxc5 30. Ke2 $11) 29. Rc1 Rhg8 30. Rf4 Rc7
31. Qf3 31... Qd7 {with the idea 32...d4.} 32. Bd2 Qe7 33. Rg4 Rd8 (33... Qxa3
$5) 34. Qf4 Qf8 (34... Qxa3 $5 35. Rxg7+ Kxg7 36. Qxh6+ Kg8 37. Qg5+ Kh7 38.
Qxd8 Qe7 39. Bg5 Qxd8 40. Bxd8 Ra7 41. Ke2 (41. Ra1 Bc2) 41... Bb3 42. Ra1
42... a4 $44) 35. Re1 35... d4 {Otherwise Re1-e3-g3, xg7.} 36. cxd4 Rcd7 37.
Re4 {This is not the best continuation.} (37. Bxa5 $1 {was much stronger:}
37... Rxd4 38. Re4 $1 (38. Qxd4 Rxd4 39. Rxd4 39... Qxa3 $13) 38... Rxd3 39.
Bxd8 Rd1+ 40. Re1 (40. Ke2 40... Rxd8 $40) 40... Qxd8 41. Qe4+ Kg8 42. Kg1 $16)
37... Bc2 38. Qe3 b4 39. axb4 a4 40. Rg3 a3 41. Reg4 41... a2 {
This is the best move for Black, which should have led to a draw.} (41... f6 $2
42. exf6 Qxf6 43. Rg6 Qxd4 44. Qxd4 (44. Qxh6+ $2 44... Kg8) 44... Rxd4 45.
Rxg7+ Kh8 46. Bc3 Bxd3+ 47. Kg1 (47. Ke1 Re4+ 48. Re3 Rxe3+ 49. fxe3 Rd5 50. g4
$16) 47... e5 48. Bxd4 exd4 49. Ra7 49... Be4 $1 (49... Be2 50. Rgxa3 d3 51.
Ra8) 50. Rgxa3 d3 51. Ra1 d2 52. Rd1 Bc2 53. Raa1 Kg7 54. f3 $18) 42. Rxg7+
Qxg7 43. Rxg7+ Kxg7 44. Qxh6+ Kg8 45. Bc3 Bxd3+ 46. Kg1 Rc8 47. Qg5+ Kh7 48.
Qd2 Bf5 49. Ba1 Rc2 50. Qg5 (50. Qf4 Rdc7) 50... Rc8 (50... Rdc7 $2 {loses to}
51. Qf6 $1 51... Rc1+ 52. Kh2 Rxa1 (52... Rc8 53. Qxf7+) 53. h6 Rh1+ 54. Kxh1
a1=Q+ 55. Kh2 $18) 51. Qd2 Rc2 52. Qg5 Rc8 53. Qd2 53... Rg8 $2 (53... Rc2 $11)
54. Qxa2 $18 54... Be4 55. g3 Rc7 56. Qd2 Rc2 57. Qf4 Bf5 58. d5 Rg4 59. Qe3
Re4 60. Qa7 Re1+ 61. Kh2 Kh6 62. Bd4 Be4 63. Be3+ Kg7 64. g4 Bxd5 65. Qe7 Rh1+
66. Kg3 Rg1+ 67. Kh4 Rc4 68. f3 Bxf3 69. Qf6+ Kg8 70. Qxf3 Rxb4 71. h6 Rbb1 72.
Bxg1 Rxg1 73. Qf6 1-0